000 00352nam a2200133Ia 4500
008 240624s9999 xx 000 0 und d
041 _aeng
082 _a306.3 VOL
100 _aVOLTI RUDI
245 _aINTRODUCTION TO THE SOCIOLOGY OF WORK AN
260 _c2008
_aNew Delhi
_bPine Forge Press
300 _axviii, : 276 : p. : cm. ; 25
365 _c
_b30
999 _c9153
_d9153